000 00819nam a2200229Ii 4500
003 JO-AjNU
008 230605s9999||||xx |||||||||||||| ||und||
017 _a2019/10/5299
020 _a978-9923-15-050-4
040 _aJO-AjNU
_bara
_erda
_cJO-AjNU
041 _aara
050 1 4 _aJQ1825.J6.A3222 2020
100 3 _aالعضايلة، امين سلامة,
_eauthor
_962841
245 0 0 _aالوجيز في النظام الدستوري
250 _aط3
264 3 1 _aعمان: دار الثقافة للنشر والتوزيع، 2020
300 _a304ص
336 _atext
_btxt
_2rdacontent
337 _aunmediated
_bn
_2rdamedia
338 _avolume
_bnc
_2rdacarrier
650 4 _aالقانون الدستوري-الاصلاح الدستوري-السلطات-النظم السياسية-الاردن
_962842
999 _aA28475
_c32043
_d32043